Illicit traffic of cultural property in Africa.

محفوظ في:

مؤلف مشترك: International Council of Museums.

التنسيق: كتاب

اللغة: English

منشور في: [Paris] : International Council of Museums, c1995.

الموضوعات:

الوسوم: إضافة وسم

لا توجد وسوم, كن أول من يضع وسما على هذه التسجيلة!

رقم الطلب: DT14 .I4443 1995

LEADER 01073namaa2200289 4500
001 12579
003 OSt
005 20250513123331.0
008 130303s1995 fr 100 0 eng d
010 |a 00358066 
020 |a 9290121211 
040 |c ARCE Library 
043 |a fb----- 
050 4 |a DT14 .I4443 1995 
245 0 0 |a Illicit traffic of cultural property in Africa. 
264 1 |a [Paris] :   |b International Council of Museums,   |c c1995. 
300 |a 263 pages ;  |c 24 cm. 
500 |a "Papers presented by the participants in the workshops held in 1993 in Tanzania, and in 1994 in Mali ... organized jointly by ICOM and UNESCO"--P. [8]. 
500 |a Erratas slip inserted. 
500 |a Two sheets, "Arusha appeal ... Sept. 29, 1993" and "Bamako appeal ... Oct. 14, 1994" laid in. 
650 0 |a Art thefts  |z Africa  |v Congresses. 
650 0 |a Cultural property  |x Protection  |z Africa  |v Congresses. 
650 0 |a Theft from museums  |z Africa  |v Congresses.  |9 7016 
710 2 |a International Council of Museums. 
901 |a reviewed 
942 |c BK  |2 lcc 
999 |c 12793  |d 12793